[Event "FRA-chT2 0304"]
[Site "France"]
[Date "2003.10.12"]
[Round "1"]
[White "El Shiati, Ibrahim"]
[Black "Gollain, Marc"]
[Result "0-1"]
[WhiteElo "1937"]
[BlackElo "2186"]
[PlyCount "80"]
[EventDate "2003.10.??"]
[EventType "team"]
[EventRounds "11"]
[EventCountry "FRA"]
[SourceTitle "EXT 2005"]
[Source "ChessBase"]
[SourceDate "2004.11.15"]
[SourceVersion "1"]
[SourceVersionDate "2004.11.15"]
[SourceQuality "1"]

1. c4 e5 2. Nc3 Nc6 3. g3 g6 4. Bg2 Bg7 5. e3 f5 6. d3 Nf6 7. Nge2 0-0 8. 0-0 d6 9. f4 Be6 10. Rb1 Qd7 11. b3 Bf7 12. Bb2 d5 13. e4 fxe4 14. cxd5 Nxd5 15. dxe4 Nb6 16. Qxd7 Nxd7 17. f5 Nd4 18. Nxd4 exd4 19. Nb5 c5 20. Nd6 Rab8 21. f6 Bh6 22. Bc1 Bxc1 23. Rbxc1 b6 24. Bh3 Ne5 25. Nxf7 Kxf7 26. Rcd1 Rbd8 27. a4 Rd6 28. Rc1 Rxf6 29. Rxf6+ Kxf6 30. Rf1+ Ke7 31. Rc1 Rf3 32. Rb1 Rc3 33. Bf1 Rc2 34. Bg2 a6 35. Kf1 Ra2 36. Kg1 b5 37. axb5 axb5 38. h4 d3 39. Kh2 d2 40. Kg1 Rc2 0-1

[Event "Paris Apsap op 45th"]
[Site "Paris"]
[Date "2003.03.??"]
[Round "?"]
[White "El Shiati, Ibrahim"]
[Black "Weisz, Jacques"]
[Result "0-1"]
[WhiteElo "1730"]
[BlackElo "2005"]
[PlyCount "38"]
[EventDate "2003.03.??"]
[EventType "swiss"]
[EventRounds "7"]
[EventCountry "FRA"]
[SourceTitle "CBM 093 Extra"]
[Source "ChessBase"]
[SourceDate "2003.05.09"]
[SourceVersion "1"]
[SourceVersionDate "2003.05.09"]
[SourceQuality "1"]

1. c4 Nf6 2. Nc3 c5 3. Nf3 Nc6 4. d4 cxd4 5. Nxd4 e5 6. Nc2 Be7 7. e4 d6 8. Be2 Be6 9. 0-0 Rc8 10. b3 0-0 11. Bb2 a6 12. Bf3 Nd7 13. Qd2 Bg5 14. Qxd6 Qf6 15. Nd5 Qh6 16. Bc1 Rfd8 17. Ne7+ Bxe7 18. Qxe7 Nxe7 19. Bxh6 gxh6 0-1